| 000 | 00556nam a22001577a 4500 | ||
|---|---|---|---|
| 005 | 20120410144029.0 | ||
| 020 |
_a817024949X _c00.00 |
||
| 035 | _aA-893441 | ||
| 037 |
_aDPL _bENG |
||
| 100 |
_aMahmud, S. Jafar _944929 |
||
| 245 |
_aBuddhism : _bReligion and meditation / _cby S. Jafar Mahmud |
||
| 260 |
_aNew Delhi _bA.P.H. Publishing Corporation _c1998 |
||
| 300 |
_a386p. _c18 cms. |
||
| 942 |
_2ddc _cEN _h250 _mMAH |
||
| 999 |
_c64826 _d64826 |
||